ASOIAF - All Named Dragons - Statistics

General Stats
  • This quiz has been taken 999 times
  • The average score is 21 of 27
Answer Stats
Hatched and Died Rider Dragon Named % Correct
In or Before 114 BC, Old Valyria94 AC, Kings Landing Aegon I The Conqueror, Maegor I The Cruel, Aerea Targaryen, Viserys I The Young King Balerion The Black Dread
99%
52 BC, Dragonstone130 AC, The Gods Eye Visenya I Targaryen,Baelon The Brave, Laena Velaryon, Aemond One-Eye Vhagar The Queen of All Dragons
96%
299 AC, Dothraki seaAlive Daenerys I The Mother of Dragons Drogon The Winged Shadow
95%
299 AC, Dothraki seaAlive None Viserion After Viserys Targaryen
94%
before 72 AC130 AC, the Gods Eye Aemon Targaryen,Daemon The Rogue Prince Caraxes The Blood Wyrm
93%
In or Before 114 BCUnknown Wild Dragon Cannibal After His Habit of Eating Dragons Carcasses
92%
299 AC, Dothraki seaAlive None Rhaegal After Rhaegar Targaryen
91%
114 - 88 BC, Dragonstone10 AC, Hellholt Rhaenys I Targaryen Meraxes After a Valyrian Goddess of the Sky
90%
In or after 35 AC136 AC - 152 AC Neetles Sheepstealer After His Habit Of Eating Sheep
90%
115AC, Dragonstone (unconfirmed) 130 AC, Dragonstone Aegon II The Usurper Sunfyre The Golden
89%
34 AC130 AC, Tumbleton Jaehaerys I The Old King,Hugh Hammer Vermithor The Bronze Fury
89%
32 AC130 AC, Kings Landing Rhaena Targaryen,Helaena Targaryen Dreamfyre
87%
Unknown 130 AC, King's Landing Rhaenyra I The Realm's Delight Syrax After a Valyrian Goddess of Wine
86%
before 75 AC129 AC, Rook's Rest Alyssa Targaryen,Rhaenys Targaryen Meleys The Red Queen
84%
36 AC136 - 156 AC The Good Queen Alysanne,Ulf The White Silverwing After the Colour of Her Scales
84%
In or before 101AC130 AC, Tumbleton Laenor Velaryon,Addam Of Hull Seasmoke
81%
115–120 AC129 AC, Shipbreaker Bay Lucerys Velaryon Arrax After the Ruler Of Valyrian Gods
77%
114–120 AC130 AC, the Gullet Jacaerys Velaryon Vermax
76%
Unknown 130 AC, Dragonstone Baela Targaryen Moondancer
73%
In or before 120 AC130 AC, Tumbleton Daeron Targaryen Tessarion The Blue Queen
73%
123 AC (unconfirmed) 130 AC, King's Landing Jaehaera Targaryen Morghul After a Word "Death" in High Valyrian
62%
7 AC43 AC, south of the Gods Eye Aenys I King Abomination,Aegon The Uncrowed Quicksilver
61%
117–120 AC130 AC, King's Landing Joffrey Velaryon Tyraxes After a Valyrian Goddess of Reason
59%
Unknown 130 AC, Dragonstone Wild Dragon Grey Ghost
58%
129–131 AC, the Vale of ArrynUnknown Rhaena Targaryen Morning
58%
120 AC (unconfirmed) 130 AC, Dragonstone Aegon III The Dragonbane Stormcloud
45%
123 AC (unconfirmed) 130 AC, King's Landing Jaehaerys Targaryen Shrykos After a Goddess of Beginning
42%
No matching quizzes found
Score Distribution
Percent of People with Each Score
Percentile by Number Answered
Your Score History
You have not taken this quiz